000 01058nam a2200277Ia 4500
003 OSt
005 20220923211554.0
006 a|||||r|||| 00| 0
007 ta
008 220922b |||||||| |||| 00| 0 hin d
020 _a9789385450730 (hbk)
_c450
024 _a324,507
037 _b384, 10/03/2018, Eastern Book Linkers
_cTextual
040 _aARTS
_cARTS
_bhin
041 _2hin
_ahin
082 _aO152,3N212:g, Q7
100 _aयायावर, भारत, ले.
245 0 _aफणीश्वरनारथ रेणु
_b कथा का नया स्वर
246 _aFaṇīshvaranārath reṇu: kathā kā nayā svara
260 _aदिल्ली
_b अनन्य प्रकाशन
_c2017
300 _a240पृ.
_ccm.
650 _a हिन्दी साहित्य
_9156264
650 _aहिन्दी कहानी
942 _hO152,3N212:g, Q7
_cTEXL
_2CC
999 _c300870
_d300870